• 首页
  • 本馆介绍
  • 公告通知
  • 最新文献
  • 馆藏检索
  • 电子资源
  • 读者导购
  • 参考咨询
  • 我的图书馆
  • 登录
  • 详细信息显示
  • 放入我的书架
  • 预约/预借图书
  • 作者相关作品
  • 分类相关作品
  • 丛书相关作品
  • 出版社相关作品

书目信息

  • 表格格式
  • 工作单格式
  • 卡片格式
题名:
衰落论
    
 
作者: 魏鉴勋 著
分册:  
出版信息: 沈阳   辽宁人民出版社  1994
页数: 256页
开本: 20cm
丛书名: 负面文化研究丛书
单 册:
中图分类: K02 , C912.4 , C913
科图分类:
主题词: 社会代谢--衰落--研究 , 社会生活 , 社会问题
电子资源:
ISBN: 7-205-02991-0
000 00814nam2 2200289 450
001 1572885226
005 20150126201503.15
010    @a7-205-02991-0@dCNY9.80
100    @a20021005d1994 emky0chiy0110 ea
101 0  @achi
102    @aCN@b210000
105    @ay z 000yy
200 1  @a衰落论@9shuai luo lun@e兴盛界线阐微@f魏鉴勋著
210    @a沈阳@c辽宁人民出版社@d1994
215    @a256页@d20cm
225 2  @a负面文化研究丛书
330    @a本书主要从社会史的角度,对人类社会屡屡发生的衰落现象予以了阐释、剖析与评价。
461  0 @12001 @a负面文化研究丛书
606 0  @a社会代谢@x衰落@x研究
606 0  @a社会生活
606 0  @a社会问题
690    @aK02@v5
690    @aC912.4@v5
690    @aC913@v4
701  0 @a魏鉴勋@9wei jian xun@4著
801  0 @aCN@bTSSF@c20150126
905    @aZUCC@dC913@eJY7
    
    衰落论:兴盛界线阐微/魏鉴勋著.-沈阳:辽宁人民出版社,1994
    256页;20cm.-(负面文化研究丛书)
    
    
    ISBN 7-205-02991-0:CNY9.80
    本书主要从社会史的角度,对人类社会屡屡发生的衰落现象予以了阐释、剖析与评价。
●
相关链接 在E读中查询图书 在五车中查询图书 在当当中查询图书 在豆瓣中查询图书


正题名:衰落论     索取号:C913/JY7         预约/预借

序号 登录号 条形码 馆藏地/架位号 状态 备注
1 7860004   278600042   学院路分馆/ [索取号:C913/JY7] 在馆    
唐山师范学院图书馆 欢迎您!
大连网信软件有限公司© 版权所有